000 02342nam0a2200385 4500
001 RU\NLR\BIBL_A\022196714
005 20260406075327.0
010 _a978-5-04-168935-3
_93000
035 _a(RuMoRGB)011444640
035 _a(NLR Aleph) 022196714
090 _a13030703
_c13030703
100 _a20240415d2024 |||y0rusy50 ca
101 2 _arus
102 _aRU
105 _aa z 000zy
181 0 _ai3
_baxxe
182 0 _an
200 1 _aИскусство управления миром
_eшедевры китайской мудрости
_fБронислав Виногродский
203 _aТекст
_bвизуальный
_cнепосредственный
210 _aМосква
_cЭксмо
_d2024 (печ. 2023)
215 _a351 с.
_cил.
_d22
225 1 _aИскусство управления миром
_eавторская серия Б. Виногродского
300 _aНа обороте тит. с. авт.: эксперт по китаю, писатель, переводчик Бронислав Виногродский
320 _aДр. кн. авт. на 347-й с.
330 _aНовое издание книги известного эксперта по Китаю, писателя, художника и переводчика Бронислава Виногродского посвящено структуре управления, а именно получению предсказуемых плодов воздействия на три стороны реальности: на дела, обстоятельства и состояния. Парадоксы здесь соседствуют с ясными указаниями, а глубокая мудрость - с поэтическими образами
333 _a16+
606 1 _aФилософия китайская
_xИстория
_zДревний период
_92077758
_3RU\NLR\AUTH\661253467
606 1 _aУправление
_xФилософские вопросы
_92084723
_3RU\NLR\AUTH\661260817
686 1 _aЮ3(5Кит)3
686 1 _aС550.373
700 1 _8rus
_7ca
_aВиногродский
_bБ. Б.
_f1957-
_gБронислав Брониславович
_3RU\NLR\AUTH\7737896
_920883
942 _cBOOK
980 _aNB